Charles de Gaulle /

שמור ב:
מידע ביבליוגרפי
מחבר ראשי: Cook, Don (autor)
מחברים אחרים: Canto, Patricio (traducción) (traducción)
פורמט: ספר
שפה:ספרדית
יצא לאור: Buenos Aires, Argentina : Javier Vergara, 1985, c1985
סדרה:(Biografía e Historia)
נושאים:
תגים: הוספת תג
אין תגיות, היה/י הראשונ/ה לתייג את הרשומה!

MARC

LEADER 00000nam^a2200000^a^4500
001 000185840
005 20250521000000.0
009 20260310102205.593
020 |a 950-15-0492-1 
037 |a Acervo ITESO - Biblioteca 
041 |a ESP 
082 |a 320. 94408311  |b COO 
100 |a Cook, Don  |e (autor) 
245 1 0 |a Charles de Gaulle /  |c D. Cook ; tr. por P. Canto. 
264 4 |a Buenos Aires, Argentina :  |b Javier Vergara,  |c 1985, c1985 
300 |a 467 p. 
336 |a texto  |b txt  |2 rdacontenido 
337 |a sin mediación  |b n  |2 rdamedio 
338 |a volumen  |b nc  |2 rdasoporte 
440 1 |a (Biografía e Historia) 
500 |a Traducción de: Charles de Gaulle, A Biography 
649 |a XX 
650 |a Jefes de Estado Franceses -  |x Biografías 
650 |a Políticos Franceses -  |x Biografías 
650 |a Militares Franceses -  |x Biografías 
650 |a Fuerzas Armadas -  |z Francia -  |x Historia -  |y Ocupación Alemana, 1940-1944 
650 |a Fuerzas Armadas -  |z Francia -  |x Historia -  |y Siglo XX 
650 |a Política -  |z Francia -  |x Historia -  |y Ocupación Alemana, 1940-1944 
650 |a Política -  |z Francia -  |x Historia -  |y Gobierno en el Exilio, 1940-1944 
650 |a Política -  |z Francia -  |x Historia -  |y 1958-1969 -  |x Tema Principal 
650 |a Política -  |z Francia -  |x Historia -  |y Quinta República, 1958 en Adelante 
650 |a Política -  |z Francia -  |x Historia -  |y Siglo XX 
650 |a Política -  |z Europa -  |x Historia -  |y 1939-1945 
650 |a Política -  |z Europa -  |x Historia -  |y 1918-1945 
650 |a Política -  |z Europa -  |x Historia -  |y Siglo XX 
650 |a Política Internacional -  |x Historia -  |y 1940-1949 
650 |a Política Internacional -  |x Historia -  |y Siglo XX 
650 |a Francia -  |x Historia -  |y Ocupación Alemana, 1940-1944 -  |x Tema Principal 
650 |a Francia -  |x Historia -  |y Gobierno en el Exilio, 1940-1944 -  |x Tema Principal 
650 |a Francia -  |x Historia -  |y 1958-1969 
650 |a Francia -  |x Historia -  |y Quinta República, 1958 en Adelante 
650 |a Francia -  |x Historia -  |y Siglo XX 
650 |a Europa -  |x Historia -  |y 1939-1945 
650 |a Europa -  |x Historia -  |y 1918-1945 
650 |a Europa -  |x Historia -  |y Siglo XX 
650 |a Guerra Mundial (Segunda), 1939-1945 -  |x Historia 
650 |a Historia Moderna -  |y 1940-1949 
650 |a Historia Moderna -  |y Siglo XX 
650 |a Historia Universal 
650 |a Gaulle, Charles de -  |x Tema Principal 
700 |a Canto, Patricio  |e (traducción) 
910 |a Fondo General 
920 |a Impresos - Libros 
930 |a Colección General 
905 |a 101 
901 |a 0500127152  |b IT1  |c ACC  |u 20250521 
902 |a https://opac.biblio.iteso.mx/vufind/Record/000185840